[Event "Hastings Masters 2016/17"]
[Site "Hastings, England"]
[Date "2016.12.29"]
[Round "2.10"]
[White "Arkell, Keith C"]
[Black "Marzano, Carlo"]
[Result "0-1"]
[WhiteElo "2447"]
[BlackElo "2186"]
[PlyCount "0"]
[EventDate "2016.12.28"]

1. d4 {[%clk 1:40:56]} d5 {[%clk 1:40:52]} 2. c4 {[%clk 1:41:16]} dxc4
{[%clk 1:40:59]} 3. Nf3 {[%clk 1:41:42]} a6 {[%clk 1:39:41]} 4. a4
{[%clk 1:40:56]} Nc6 {[%clk 1:36:15]} 5. e3 {[%clk 1:41:04]} Bg4 {[%clk 1:31:32]}
6. Bxc4 {[%clk 1:41:22]} e6 {[%clk 1:30:36]} 7. O-O {[%clk 1:38:05]} Nf6
{[%clk 1:30:34]} 8. Nbd2 {[%clk 1:36:18]} Bd6 {[%clk 1:30:24]} 9. Be2
{[%clk 1:35:38]} O-O {[%clk 1:26:58]} 10. Nc4 {[%clk 1:33:31]} Bb4
{[%clk 1:17:39]} 11. Bd2 {[%clk 1:27:15]} Qe7 {[%clk 1:09:27]} 12. a5
{[%clk 1:25:27]} Ne4 {[%clk 1:02:18]} 13. Bxb4 {[%clk 1:25:46]} Nxb4
{[%clk 0:58:47]} 14. Qb3 {[%clk 1:20:24]} c6 {[%clk 0:56:31]} 15. Rfc1
{[%clk 1:12:27]} h6 {[%clk 0:44:18]} 16. Qa3 {[%clk 1:04:28]} Rfe8
{[%clk 0:40:22]} 17. Nce5 {[%clk 1:03:08]} Bf5 {[%clk 0:39:08]} 18. Rc4
{[%clk 1:02:54]} Nd5 {[%clk 0:38:30]} 19. Qxe7 {[%clk 0:59:14]} Rxe7
{[%clk 0:37:25]} 20. Nd3 {[%clk 0:58:10]} Bh7 {[%clk 0:24:37]} 21. Rcc1
{[%clk 0:56:14]} f6 {[%clk 0:19:03]} 22. Ra3 {[%clk 0:54:05]} g5 {[%clk 0:17:52]}
23. Nfe1 {[%clk 0:54:27]} Kf8 {[%clk 0:13:29]} 24. f3 {[%clk 0:54:15]} Nd6
{[%clk 0:13:42]} 25. e4 {[%clk 0:54:18]} Nc7 {[%clk 0:13:32]} 26. Nc5
{[%clk 0:54:20]} Ncb5 {[%clk 0:11:25]} 27. Rd3 {[%clk 0:54:03]} f5
{[%clk 0:09:53]} 28. e5 {[%clk 0:54:13]} Ne8 {[%clk 0:09:57]} 29. f4
{[%clk 0:53:35]} g4 {[%clk 0:07:07]} 30. Rd2 {[%clk 0:52:51]} Ra7
{[%clk 0:06:33]} 31. Nc2 {[%clk 0:50:40]} Nec7 {[%clk 0:06:43]} 32. Ne3
{[%clk 0:48:20]} Nd5 {[%clk 0:06:10]} 33. Nxd5 {[%clk 0:48:43]} exd5
{[%clk 0:06:29]} 34. Na4 {[%clk 0:47:17]} Bg8 {[%clk 0:04:04]} 35. Nb6
{[%clk 0:47:37]} Be6 {[%clk 0:04:24]} 36. Kf2 {[%clk 0:47:49]} Nc7
{[%clk 0:03:45]} 37. h3 {[%clk 0:47:48]} h5 {[%clk 0:03:08]} 38. hxg4
{[%clk 0:48:12]} hxg4 {[%clk 0:03:02]} 39. Rh1 {[%clk 0:48:25]} Kg8
{[%clk 0:02:02]} 40. Rh6 {[%clk 0:47:00]} Rh7 {[%clk 0:02:00]} 41. Rxh7
{[%clk 0:47:18]} Kxh7 {[%clk 0:02:27]} 42. Rd1 {[%clk 0:47:39]} Na8
{[%clk 0:45:09]} 43. Rh1+ {[%clk 1:35:09]} Kg7 {[%clk 0:42:19]} 44. Na4
{[%clk 1:35:32]} Nc7 {[%clk 0:42:26]} 45. Nc5 {[%clk 1:35:55]} Ra8
{[%clk 0:41:03]} 46. Bd3 {[%clk 1:35:55]} Rf8 {[%clk 0:34:44]} 47. Rh5
{[%clk 1:26:10]} Bc8 {[%clk 0:27:00]} 48. Ke3 {[%clk 1:25:26]} Ne8
{[%clk 0:22:56]} 49. Na4 {[%clk 1:23:27]} Kg6 {[%clk 0:21:10]} 50. Rh4
{[%clk 1:23:51]} Kg7 {[%clk 0:21:25]} 51. Rh5 {[%clk 1:01:07]} Kg6
{[%clk 0:17:19]} 52. Rh1 {[%clk 1:00:34]} Kg7 {[%clk 0:15:55]} 53. Nc5
{[%clk 0:59:13]} Rh8 {[%clk 0:14:54]} 54. Rc1 {[%clk 0:59:36]} Nc7
{[%clk 0:13:54]} 55. Nxb7 {[%clk 0:55:08]} Bxb7 {[%clk 0:13:44]} 56. Bxf5
{[%clk 0:55:32]} g3 {[%clk 0:09:47]} 57. Kf3 {[%clk 0:55:29]} Nb5
{[%clk 0:09:50]} 58. Rd1 {[%clk 0:55:45]} Bc8 {[%clk 0:06:35]} 59. Bc2
{[%clk 0:51:05]} Rh4 {[%clk 0:06:51]} 60. Kxg3 {[%clk 0:51:15]} Rg4+
{[%clk 0:07:15]} 61. Kf3 {[%clk 0:51:37]} Rh4 {[%clk 0:07:36]} 62. Rd2
{[%clk 0:51:48]} Kf7 {[%clk 0:05:43]} 63. g3 {[%clk 0:51:25]} Bg4+
{[%clk 0:05:20]} 64. Kg2 {[%clk 0:51:48]} Rh5 {[%clk 0:05:17]} 65. Bd1
{[%clk 0:51:56]} Bxd1 {[%clk 0:05:22]} 66. Rxd1 {[%clk 0:52:24]} Rh8
{[%clk 0:04:44]} 67. g4 {[%clk 0:52:42]} Kg6 {[%clk 0:04:06]} 68. Kg3
{[%clk 0:53:07]} Rh7 {[%clk 0:03:50]} 69. e6 {[%clk 0:51:42]} Kf6
{[%clk 0:03:43]} 70. f5 {[%clk 0:51:41]} Kg5 {[%clk 0:04:05]} 71. Rf1
{[%clk 0:30:09]} Nxd4 {[%clk 0:03:36]} 72. Re1 {[%clk 0:30:35]} Re7
{[%clk 0:02:01]} 73. Re5 {[%clk 0:29:41]} Nb5 {[%clk 0:01:58]} 74. Kf3
{[%clk 0:26:48]} Nd6 {[%clk 0:01:46]} 75. Re2 {[%clk 0:26:26]} Ne4
{[%clk 0:01:24]} 76. Rh2 {[%clk 0:26:35]} Nf6 {[%clk 0:01:37]} 77. Rg2
{[%clk 0:22:54]} Rb7 {[%clk 0:01:55]} 78. Ke3 {[%clk 0:22:37]} c5
{[%clk 0:01:52]} 79. Kd3 {[%clk 0:22:58]} Rb3+ {[%clk 0:01:57]} 80. Kc2
{[%clk 0:23:27]} Re3 {[%clk 0:02:18]} 81. Kd2 {[%clk 0:22:57]} Re4
{[%clk 0:02:25]} 82. Rh2 {[%clk 0:20:50]} Nxg4 {[%clk 0:02:28]} 83. Rh8
{[%clk 0:20:36]} Kxf5 {[%clk 0:02:43]} 84. Rc8 {[%clk 0:20:55]} c4
{[%clk 0:02:25]} 85. Rc5 {[%clk 0:20:34]} Nf6 {[%clk 0:02:37]} 86. Kc3
{[%clk 0:20:21]} Rxe6 {[%clk 0:02:53]} 87. Kb4 {[%clk 0:20:33]} Ke5
{[%clk 0:03:09]} 88. Rc8 {[%clk 0:20:41]} Kd4 {[%clk 0:03:06]} 89. b3
{[%clk 0:20:49]} Re1 {[%clk 0:01:36]} 90. Rc6 {[%clk 0:20:50]} Ne4
{[%clk 0:01:53]} 91. bxc4 {[%clk 0:20:51]} Rb1+ {[%clk 0:02:20]} 92. Ka3
{[%clk 0:20:56]} dxc4 {[%clk 0:02:45]} 93. Rxa6 {[%clk 0:21:22]} Kc3
{[%clk 0:02:54]} 94. Ka2 {[%clk 0:21:37]} Rb2+ {[%clk 0:03:15]} 95. Ka3
{[%clk 0:21:58]} Nc5 {[%clk 0:01:55]} 96. Rh6 {[%clk 0:21:48]} Rb3+
{[%clk 0:01:54]} 97. Ka2 {[%clk 0:22:16]} Nd3 {[%clk 0:01:43]} 98. Rh3
{[%clk 0:19:01]} Rb5 {[%clk 0:02:08]} 99. a6 {[%clk 0:19:17]} Ra5+
{[%clk 0:02:28]} 100. Kb1 {[%clk 0:19:43]} Rxa6 {[%clk 0:02:52]} 101. Rg3
{[%clk 0:20:06]} Kb3 {[%clk 0:02:53]} 102. Rg8 {[%clk 0:20:22]} Rh6
{[%clk 0:02:30]} 103. Rb8+ {[%clk 0:20:47]} Nb4 {[%clk 0:02:54]} 104. Kc1
{[%clk 0:21:05]} c3 {[%clk 0:03:08]} 0-1

[Event "Hastings Masters 2016/17"]
[Site "Hastings, England"]
[Date "2016.12.29"]
[Round "2.11"]
[White "Fier, Alexandr"]
[Black "Hand, Freddie"]
[Result "1-0"]
[WhiteElo "2590"]
[BlackElo "2205"]
[PlyCount "0"]
[EventDate "2016.12.28"]

1. d4 {[%clk 1:40:58]} d5 {[%clk 1:40:44]} 2. c4 {[%clk 1:41:23]} c6
{[%clk 1:41:08]} 3. cxd5 {[%clk 1:41:50]} cxd5 {[%clk 1:41:32]} 4. Bf4
{[%clk 1:42:15]} Qb6 {[%clk 1:39:50]} 5. Nc3 {[%clk 1:41:57]} Nf6
{[%clk 1:40:11]} 6. e3 {[%clk 1:41:20]} Qxb2 {[%clk 1:40:01]} 7. Bb5+
{[%clk 1:41:45]} Nc6 {[%clk 1:40:09]} 8. Nge2 {[%clk 1:42:10]} Bf5
{[%clk 1:40:36]} 9. O-O {[%clk 1:42:35]} Rc8 {[%clk 1:38:38]} 10. f3
{[%clk 1:38:03]} e6 {[%clk 1:17:27]} 11. a3 {[%clk 1:37:43]} Qc2 {[%clk 1:08:46]}
12. Qe1 {[%clk 1:38:09]} a6 {[%clk 0:32:10]} 13. Ra2 {[%clk 1:37:53]} axb5
{[%clk 0:30:52]} 14. Rxc2 {[%clk 1:38:14]} Bxc2 {[%clk 0:31:16]} 15. Nxb5
{[%clk 1:38:38]} Bd3 {[%clk 0:31:12]} 16. Nd6+ {[%clk 1:39:00]} Bxd6
{[%clk 0:31:35]} 17. Bxd6 {[%clk 1:39:27]} Kd7 {[%clk 0:31:32]} 18. Be5
{[%clk 1:38:15]} Ra8 {[%clk 0:31:24]} 19. Qd2 {[%clk 1:38:11]} Bc4 20. Rb1
{[%clk 1:38:03]} b5 {[%clk 0:29:57]} 21. Nc3 {[%clk 1:38:28]} Ra5
{[%clk 0:30:23]} 22. e4 {[%clk 1:38:48]} Rha8 {[%clk 0:26:34]} 23. Bxf6
{[%clk 1:39:02]} gxf6 {[%clk 0:26:58]} 24. exd5 {[%clk 1:39:29]} exd5
{[%clk 0:26:59]} 25. Qf4 {[%clk 1:39:55]} Bd3 {[%clk 0:24:20]} 26. Nxd5
{[%clk 1:40:08]} Bxb1 {[%clk 0:23:54]} 27. Qc7+ {[%clk 1:40:16]} Ke8
{[%clk 0:24:21]} 28. Qd6 {[%clk 1:40:26]} 1-0

[Event "Hastings Masters 2016/17"]
[Site "Hastings, England"]
[Date "2016.12.29"]
[Round "2.12"]
[White "Bellin, Robert"]
[Black "Tan, Justin"]
[Result "0-1"]
[WhiteElo "2353"]
[BlackElo "2451"]
[PlyCount "0"]
[EventDate "2016.12.28"]

1. c4 {[%clk 1:40:40]} e6 {[%clk 1:39:20]} 2. Nf3 {[%clk 1:40:24]} d5
{[%clk 1:36:16]} 3. e3 {[%clk 1:39:10]} Nf6 {[%clk 1:36:32]} 4. d4
{[%clk 1:39:05]} b6 {[%clk 1:36:07]} 5. Ne5 {[%clk 1:31:10]} Bb7 {[%clk 1:31:55]}
6. Qa4+ {[%clk 1:29:18]} c6 {[%clk 1:31:47]} 7. cxd5 {[%clk 1:29:01]} exd5
{[%clk 1:32:11]} 8. Bd3 {[%clk 1:28:55]} Bd6 {[%clk 1:32:05]} 9. f4
{[%clk 1:25:47]} O-O {[%clk 1:30:58]} 10. Nc3 {[%clk 1:24:14]} a6
{[%clk 1:30:57]} 11. b4 {[%clk 1:20:50]} a5 {[%clk 1:28:25]} 12. bxa5
{[%clk 1:07:27]} Rxa5 {[%clk 1:28:00]} 13. Qb3 {[%clk 1:07:46]} c5
{[%clk 1:17:04]} 14. Bb5 {[%clk 0:27:22]} Qe7 {[%clk 0:50:08]} 15. a4
{[%clk 0:17:59]} Rc8 {[%clk 0:39:02]} 16. O-O {[%clk 0:14:22]} Ra8
{[%clk 0:39:08]} 17. Bd2 {[%clk 0:12:27]} Na6 {[%clk 0:36:27]} 18. Rfb1
{[%clk 0:03:59]} Nb4 {[%clk 0:33:24]} 0-1

[Event "Hastings Masters 2016/17"]
[Site "Hastings, England"]
[Date "2016.12.29"]
[Round "2.13"]
[White "Lalic, Bogdan"]
[Black "Oyama, Akito"]
[Result "1-0"]
[WhiteElo "2443"]
[BlackElo "2191"]
[PlyCount "0"]
[EventDate "2016.12.28"]

1. Nf3 {[%clk 1:39:25]} e6 {[%clk 1:39:21]} 2. c4 {[%clk 1:39:43]} Nf6
{[%clk 1:36:44]} 3. Nc3 {[%clk 1:40:04]} Bb4 {[%clk 1:35:28]} 4. Qb3
{[%clk 1:40:18]} Bxc3 {[%clk 1:28:04]} 5. Qxc3 {[%clk 1:40:38]} b6
{[%clk 1:28:22]} 6. e3 {[%clk 1:40:24]} Bb7 {[%clk 1:27:54]} 7. Be2
{[%clk 1:40:48]} O-O {[%clk 1:27:05]} 8. O-O {[%clk 1:41:12]} c5 {[%clk 1:26:49]}
9. b3 {[%clk 1:41:26]} d6 {[%clk 1:24:31]} 10. d4 {[%clk 1:41:10]} Nbd7
{[%clk 1:21:50]} 11. Bb2 {[%clk 1:41:29]} Rc8 {[%clk 1:19:23]} 12. Rad1
{[%clk 1:41:38]} Qe7 {[%clk 1:10:29]} 13. d5 {[%clk 1:39:56]} e5 {[%clk 1:09:01]}
14. Qc2 {[%clk 1:38:41]} Ng4 {[%clk 1:00:13]} 15. e4 {[%clk 1:38:08]} f5
{[%clk 0:47:06]} 16. exf5 {[%clk 1:38:12]} Nh6 {[%clk 0:47:22]} 17. Bd3
{[%clk 1:37:56]} Rce8 {[%clk 0:45:43]} 18. Rde1 {[%clk 1:36:01]} Qf6
{[%clk 0:44:03]} 19. Nd2 {[%clk 1:34:43]} Qf7 {[%clk 0:40:15]} 20. f3
{[%clk 1:34:21]} b5 {[%clk 0:37:01]} 21. g4 {[%clk 1:34:35]} Nb6 {[%clk 0:37:11]}
22. Ne4 {[%clk 1:34:51]} Qe7 {[%clk 0:36:19]} 23. Bc1 {[%clk 1:33:56]} Nf7
{[%clk 0:36:43]} 24. g5 {[%clk 1:33:15]} Qd7 {[%clk 0:36:34]} 25. Re2
{[%clk 1:29:08]} Nh8 {[%clk 0:31:28]} 26. Rg2 {[%clk 1:29:10]} bxc4
{[%clk 0:26:49]} 27. bxc4 {[%clk 1:28:56]} Bc8 {[%clk 0:26:49]} 28. Nf6+
{[%clk 1:28:08]} gxf6 {[%clk 0:26:41]} 29. gxf6+ {[%clk 1:28:34]} Ng6
{[%clk 0:27:04]} 30. fxg6 {[%clk 1:29:00]} Rxf6 {[%clk 0:27:08]} 31. Bg5
{[%clk 1:29:13]} Rff8 {[%clk 0:26:19]} 32. Bh6 {[%clk 1:28:18]} Rf6
{[%clk 0:25:14]} 33. gxh7+ {[%clk 1:28:26]} Kh8 {[%clk 0:25:37]} 34. Qd2
{[%clk 1:27:36]} Rf7 {[%clk 0:24:14]} 35. Qg5 {[%clk 1:27:44]} 1-0

[Event "Hastings Masters 2016/17"]
[Site "Hastings, England"]
[Date "2016.12.29"]
[Round "2.14"]
[White "Batchelor, Peter J"]
[Black "Gaudeau, Valentin"]
[Result "1-0"]
[WhiteElo "2365"]
[BlackElo "2182"]
[PlyCount "0"]
[EventDate "2016.12.28"]

1. d4 {[%clk 1:40:56]} f5 {[%clk 1:40:52]} 2. g3 {[%clk 1:41:11]} Nf6
{[%clk 1:41:16]} 3. Bg2 {[%clk 1:41:24]} g6 {[%clk 1:41:18]} 4. Nf3
{[%clk 1:41:47]} Bg7 {[%clk 1:41:39]} 5. O-O {[%clk 1:42:10]} O-O
{[%clk 1:42:03]} 6. c4 {[%clk 1:42:36]} d6 {[%clk 1:42:27]} 7. Nc3
{[%clk 1:43:01]} Nc6 {[%clk 1:40:48]} 8. d5 {[%clk 1:43:22]} Na5 {[%clk 1:41:12]}
9. Qa4 {[%clk 1:43:42]} c5 {[%clk 1:41:36]} 10. dxc6 {[%clk 1:43:14]} Nxc6
{[%clk 1:41:38]} 11. Rd1 {[%clk 1:42:54]} Ne4 {[%clk 1:41:40]} 12. Nxe4
{[%clk 1:39:17]} fxe4 {[%clk 1:42:02]} 13. Ng5 {[%clk 1:39:06]} Nd4
{[%clk 1:42:24]} 14. Bxe4 {[%clk 1:16:55]} Nxe2+ {[%clk 1:29:36]} 15. Kg2
{[%clk 1:12:57]} Nxc1 {[%clk 1:09:07]} 16. Raxc1 {[%clk 1:11:55]} e6
{[%clk 1:04:53]} 17. h4 {[%clk 1:08:52]} Qe7 {[%clk 0:59:07]} 18. Qa3
{[%clk 1:02:00]} Rd8 {[%clk 0:59:23]} 19. Rd3 {[%clk 1:01:32]} a5
{[%clk 0:53:43]} 20. Re1 {[%clk 0:55:25]} Qc7 {[%clk 0:47:05]} 21. Bf3
{[%clk 0:44:08]} Ra6 {[%clk 0:47:11]} 22. Rxe6 {[%clk 0:40:29]} Kh8
{[%clk 0:32:13]} 23. Rde3 {[%clk 0:35:26]} Bxe6 {[%clk 0:27:29]} 24. Nxe6
{[%clk 0:35:46]} Qd7 {[%clk 0:27:06]} 25. Nxd8 {[%clk 0:35:42]} Qxd8
{[%clk 0:27:27]} 26. Bxb7 {[%clk 0:35:16]} Ra7 {[%clk 0:27:00]} 27. Qa4
{[%clk 0:33:24]} Be5 {[%clk 0:27:16]} 28. Qc6 {[%clk 0:28:19]} Qe7
{[%clk 0:23:29]} 29. Qc8+ {[%clk 0:27:53]} Kg7 {[%clk 0:23:37]} 30. Bd5
{[%clk 0:28:09]} Qf8 {[%clk 0:23:21]} 31. Qc6 {[%clk 0:26:28]} Re7
{[%clk 0:20:16]} 32. c5 {[%clk 0:22:49]} dxc5 {[%clk 0:18:26]} 33. Qxc5
{[%clk 0:23:06]} Qd8 {[%clk 0:18:03]} 34. Bf3 {[%clk 0:19:16]} Bf6
{[%clk 0:17:45]} 35. Rxe7+ {[%clk 0:17:11]} Qxe7 {[%clk 0:13:35]} 36. Qxa5
{[%clk 0:17:17]} Bxb2 {[%clk 0:14:00]} 37. Qd2 {[%clk 0:15:24]} Be5
{[%clk 0:13:32]} 38. a4 {[%clk 0:14:55]} Qd6 {[%clk 0:13:52]} 39. Qxd6
{[%clk 0:09:02]} Bxd6 {[%clk 0:14:17]} 40. a5 {[%clk 0:09:26]} Kf6
{[%clk 0:14:34]} 41. Be4 {[%clk 0:08:54]} h6 {[%clk 0:14:55]} 42. f4
{[%clk 0:08:44]} g5 {[%clk 0:14:46]} 43. fxg5+ {[%clk 0:09:02]} hxg5
{[%clk 0:15:08]} 44. h5 {[%clk 0:09:16]} g4 {[%clk 0:09:41]} 45. a6
{[%clk 0:08:55]} Bc5 {[%clk 0:09:40]} 46. h6 {[%clk 0:08:57]} Be3
{[%clk 0:09:44]} 47. Kf1 {[%clk 0:09:09]} Bc5 {[%clk 0:09:05]} 48. Ke2
{[%clk 0:09:31]} Bg1 {[%clk 0:09:29]} 49. Kd3 {[%clk 0:09:56]} Bf2
{[%clk 0:09:23]} 50. Kc4 {[%clk 0:10:21]} Ke5 {[%clk 0:08:38]} 51. h7
{[%clk 0:10:35]} Kxe4 {[%clk 0:09:03]} 52. h8=Q {[%clk 0:10:59]} Kf3
{[%clk 0:09:26]} 53. Kd3 {[%clk 0:10:23]} Kxg3 {[%clk 0:09:38]} 54. Ke2
{[%clk 0:10:41]} Kg2 {[%clk 0:09:43]} 55. Qa1 1-0

[Event "Hastings Masters 2016/17"]
[Site "Hastings, England"]
[Date "2016.12.29"]
[Round "2.15"]
[White "Hill, Alistair"]
[Black "Radovanovic, Jovica"]
[Result "0-1"]
[WhiteElo "2237"]
[BlackElo "2351"]
[PlyCount "0"]
[EventDate "2016.12.28"]

1. Nf3 Nf6 2. c4 c6 3. g3 d5 4. Bg2 dxc4 5. Na3 Qd5 6. b3 cxb3 7. axb3 g6 8. Nc4
Qd8 9. Bb2 Bg7 10. O-O O-O 11. Ra3 Ne8 12. Bxg7 Nxg7 13. Qa1 a6 14. d4 Ne8 15.
Rd1 Nd6 16. Nfe5 Nd7 17. Ra5 Nxc4 18. bxc4 Nxe5 19. Rxe5 Be6 20. Rb1 Rb8 21. c5
Qd7 22. Re3 Rfd8 23. Rb4 a5 24. Ra4 b5 25. cxb6 Rxb6 26. Rd3 Rdb8 27. Rd1 Bb3 28.
Rf1 Bxa4 29. Qxa4 Rb4 30. Qxa5 Rxd4 31. Qc5 Rd1 0-1

[Event "Hastings Masters 2016/17"]
[Site "Hastings, England"]
[Date "2016.12.29"]
[Round "2.16"]
[White "Eames, Robert S"]
[Black "Sethuraman, S.P."]
[Result "1/2-1/2"]
[WhiteElo "2187"]
[BlackElo "2647"]
[PlyCount "0"]
[EventDate "2016.12.28"]

1. e4 {[%clk 1:38:48]} c5 {[%clk 1:40:42]} 2. Nf3 {[%clk 1:38:41]} e6
{[%clk 1:41:06]} 3. d4 {[%clk 1:38:55]} cxd4 {[%clk 1:41:30]} 4. Nxd4
{[%clk 1:39:22]} Nc6 {[%clk 1:41:48]} 5. Nc3 {[%clk 1:38:39]} Qc7
{[%clk 1:42:12]} 6. Be3 {[%clk 1:37:36]} a6 {[%clk 1:42:36]} 7. Qd2
{[%clk 1:37:46]} Nf6 {[%clk 1:42:48]} 8. O-O-O {[%clk 1:37:31]} Bb4
{[%clk 1:43:12]} 9. f3 {[%clk 1:37:01]} O-O {[%clk 1:43:32]} 10. g4
{[%clk 1:35:23]} b5 {[%clk 1:43:47]} 11. g5 {[%clk 1:32:52]} Ne8 {[%clk 1:44:08]}
12. a3 {[%clk 1:29:56]} Be7 {[%clk 1:43:48]} 13. f4 {[%clk 1:23:47]} Bb7
{[%clk 1:37:56]} 14. Nb3 {[%clk 1:20:38]} Rd8 {[%clk 1:24:23]} 15. Qf2
{[%clk 1:17:37]} Rb8 {[%clk 1:24:34]} 16. Bb6 {[%clk 1:09:15]} Qc8
{[%clk 1:24:43]} 17. Rg1 {[%clk 1:05:42]} b4 {[%clk 1:16:00]} 18. axb4
{[%clk 1:03:56]} Bxb4 {[%clk 1:15:41]} 19. Rg3 {[%clk 1:00:09]} f6
{[%clk 1:16:06]} 20. Bd3 {[%clk 0:48:14]} a5 {[%clk 0:59:48]} 21. Rdg1
{[%clk 0:42:49]} Ba6 {[%clk 0:58:31]} 22. gxf6 {[%clk 0:36:23]} Rxf6
{[%clk 0:58:41]} 23. e5 {[%clk 0:30:17]} Bxc3 {[%clk 0:47:33]} 24. bxc3
{[%clk 0:25:20]} Nxe5 {[%clk 0:46:21]} 25. Bxa6 {[%clk 0:24:52]} Qxa6
{[%clk 0:46:45]} 26. Bd4 {[%clk 0:25:07]} Qd6 {[%clk 0:30:44]} 27. Nc5
{[%clk 0:13:47]} Ng6 {[%clk 0:26:18]} 28. Bxf6 {[%clk 0:13:11]} Nxf6
{[%clk 0:26:43]} 29. Qd4 {[%clk 0:12:03]} Qe7 {[%clk 0:26:14]} 30. Re1
{[%clk 0:09:54]} Nh4 {[%clk 0:21:18]} 31. Rd3 {[%clk 0:08:41]} Nf5
{[%clk 0:18:00]} 32. Qe5 {[%clk 0:08:42]} Rb5 {[%clk 0:16:34]} 33. Qxf5
{[%clk 0:08:53]} Rxc5 {[%clk 0:17:00]} 34. Qh3 {[%clk 0:09:10]} Rc4
{[%clk 0:17:03]} 35. Qf3 {[%clk 0:07:45]} d5 {[%clk 0:15:23]} 36. f5
{[%clk 0:05:20]} e5 {[%clk 0:07:13]} 37. Rxd5 {[%clk 0:04:10]} e4
{[%clk 0:02:03]} 38. Qd1 {[%clk 0:01:36]} Ra4 {[%clk 0:02:01]} 39. Rd8+
{[%clk 0:01:49]} Kf7 {[%clk 0:02:27]} 40. Qd6 {[%clk 0:01:25]} e3
{[%clk 0:00:42]} 41. Qxe7+ {[%clk 0:48:01]} Kxe7 {[%clk 0:51:09]} 42. Rb8
{[%clk 0:48:18]} Nd5 {[%clk 0:50:00]} 43. Rb5 {[%clk 0:41:49]} Kd6
{[%clk 0:50:15]} 44. Kb2 {[%clk 0:37:42]} Kc6 {[%clk 0:48:50]} 45. c4
{[%clk 0:34:05]} Rxc4 {[%clk 0:47:30]} 46. Rxa5 {[%clk 0:30:19]} Re4
{[%clk 0:47:55]} 47. Ra7 {[%clk 0:30:02]} Rg4 {[%clk 0:46:18]} 48. Re2
{[%clk 0:25:23]} Kd6 {[%clk 0:46:23]} 49. Kb3 {[%clk 0:21:20]} Rb4+
{[%clk 0:46:45]} 50. Ka3 {[%clk 0:21:36]} Rg4 {[%clk 0:47:01]} 51. Kb3
{[%clk 0:17:08]} Rb4+ {[%clk 0:47:28]} 52. Ka3 {[%clk 0:17:18]} Rf4
{[%clk 0:45:31]} 53. Rxg7 {[%clk 0:15:33]} Ke5 {[%clk 0:45:58]} 54. Rxh7
{[%clk 0:14:08]} Rf2 {[%clk 0:45:52]} 55. Re1 {[%clk 0:13:35]} Rxc2
{[%clk 0:45:06]} 56. f6 {[%clk 0:12:33]} Kxf6 {[%clk 0:45:16]} 57. Rd7
{[%clk 0:12:31]} Ke5 {[%clk 0:45:22]} 58. Rxd5+ {[%clk 0:12:13]} Kxd5
{[%clk 0:45:49]} 59. Rxe3 {[%clk 0:12:33]} 1/2-1/2

[Event "Hastings Masters 2016/17"]
[Site "Hastings, England"]
[Date "2016.12.29"]
[Round "2.17"]
[White "Wilbrandt, Simon Pil"]
[Black "Gledura, Benjamin"]
[Result "0-1"]
[WhiteElo "2180"]
[BlackElo "2584"]
[PlyCount "0"]
[EventDate "2016.12.28"]

1. d4 {[%clk 1:40:55]} Nf6 {[%clk 1:40:51]} 2. c4 {[%clk 1:41:20]} e6
{[%clk 1:41:10]} 3. Nc3 {[%clk 1:39:45]} Bb4 {[%clk 1:41:30]} 4. a3
{[%clk 1:37:00]} Bxc3+ {[%clk 1:39:41]} 5. bxc3 {[%clk 1:37:24]} b6
{[%clk 1:39:42]} 6. f3 {[%clk 1:36:23]} O-O {[%clk 1:36:44]} 7. Bg5
{[%clk 1:33:14]} h6 {[%clk 1:34:29]} 8. Bh4 {[%clk 1:32:14]} d6 {[%clk 1:33:03]}
9. e4 {[%clk 1:32:36]} c5 {[%clk 1:31:13]} 10. Bd3 {[%clk 1:29:02]} Nbd7
{[%clk 1:26:43]} 11. f4 {[%clk 1:19:43]} e5 {[%clk 1:25:38]} 12. fxe5
{[%clk 1:11:00]} dxe5 {[%clk 1:26:01]} 13. d5 {[%clk 1:11:11]} Re8
{[%clk 1:14:25]} 14. Nf3 {[%clk 0:45:41]} Nf8 {[%clk 1:14:03]} 15. Qd2
{[%clk 0:38:44]} Ng6 {[%clk 1:13:29]} 16. Bxf6 {[%clk 0:31:57]} Qxf6
{[%clk 1:13:51]} 17. O-O {[%clk 0:32:10]} Qd6 {[%clk 1:12:04]} 18. Rf2
{[%clk 0:29:56]} Bd7 {[%clk 1:09:45]} 19. g3 {[%clk 0:25:47]} Ne7
{[%clk 1:07:59]} 20. Nh4 {[%clk 0:23:29]} f6 {[%clk 1:06:53]} 21. Be2
{[%clk 0:20:52]} Rab8 {[%clk 1:04:01]} 22. Raf1 {[%clk 0:19:17]} Rf8
{[%clk 1:00:58]} 23. Kg2 {[%clk 0:18:51]} a6 {[%clk 0:56:59]} 24. Qe3
{[%clk 0:18:45]} b5 {[%clk 0:55:57]} 25. cxb5 {[%clk 0:15:59]} axb5
{[%clk 0:55:16]} 26. c4 {[%clk 0:16:09]} bxc4 {[%clk 0:47:30]} 27. Bxc4
{[%clk 0:16:33]} Kh7 {[%clk 0:47:20]} 28. Nf3 {[%clk 0:15:13]} Nc8
{[%clk 0:42:43]} 29. Rc1 {[%clk 0:14:44]} Nb6 {[%clk 0:40:17]} 30. Rfc2
{[%clk 0:12:51]} Ra8 {[%clk 0:38:55]} 31. Rc3 {[%clk 0:10:49]} Ra4
{[%clk 0:36:12]} 32. Ba2 {[%clk 0:10:05]} Rfa8 {[%clk 0:34:20]} 33. Rb1
{[%clk 0:07:02]} R8a6 {[%clk 0:32:55]} 34. Nd2 {[%clk 0:06:46]} Rd4
{[%clk 0:31:53]} 35. Qe2 {[%clk 0:02:56]} Raa4 {[%clk 0:27:54]} 36. Rcb3
{[%clk 0:02:11]} Nxd5 {[%clk 0:21:03]} 37. exd5 {[%clk 0:01:46]} Bg4
{[%clk 0:21:07]} 38. Nf3 {[%clk 0:01:28]} e4 {[%clk 0:19:03]} 39. Qc2
{[%clk 0:00:49]} Rdc4 {[%clk 0:18:44]} 40. Rc3 {[%clk 0:00:45]} Bxf3+
{[%clk 0:18:29]} 41. Kf2 {[%clk 0:47:38]} Rxc3 {[%clk 1:06:47]} 42. Qxa4
{[%clk 0:44:18]} c4 {[%clk 1:06:12]} 43. Rb5 {[%clk 0:41:02]} Qe5
{[%clk 1:06:15]} 0-1

[Event "Hastings Masters 2016/17"]
[Site "Hastings, England"]
[Date "2016.12.29"]
[Round "2.18"]
[White "Foo, William J"]
[Black "Garriga Cazorla, Pere"]
[Result "1-0"]
[WhiteElo "2145"]
[BlackElo "2386"]
[PlyCount "0"]
[EventDate "2016.12.28"]

1. d4 {[%clk 1:35:14]} Nf6 {[%clk 1:40:40]} 2. c4 {[%clk 1:35:39]} e6
{[%clk 1:41:01]} 3. g3 {[%clk 1:36:04]} c5 {[%clk 1:41:24]} 4. d5
{[%clk 1:36:28]} d6 {[%clk 1:41:49]} 5. Bg2 {[%clk 1:36:49]} exd5
{[%clk 1:42:13]} 6. cxd5 {[%clk 1:37:16]} g6 {[%clk 1:42:37]} 7. Nc3
{[%clk 1:37:39]} Bg7 {[%clk 1:43:03]} 8. Nf3 {[%clk 1:38:03]} O-O
{[%clk 1:43:28]} 9. O-O {[%clk 1:38:30]} Re8 {[%clk 1:43:52]} 10. Nd2
{[%clk 1:38:45]} a6 {[%clk 1:44:13]} 11. a4 {[%clk 1:39:09]} Nbd7
{[%clk 1:44:39]} 12. h3 {[%clk 1:39:35]} Rb8 {[%clk 1:38:54]} 13. a5
{[%clk 1:37:39]} Nh5 {[%clk 1:24:34]} 14. Nc4 {[%clk 1:31:00]} Ne5
{[%clk 1:24:27]} 15. Nb6 {[%clk 1:30:10]} f5 {[%clk 1:14:53]} 16. e4
{[%clk 1:24:36]} fxe4 {[%clk 1:09:04]} 17. Nxc8 {[%clk 1:20:43]} Rxc8
{[%clk 1:06:48]} 18. Nxe4 {[%clk 1:20:57]} c4 {[%clk 1:04:27]} 19. Bg5
{[%clk 1:17:41]} Nf6 {[%clk 0:54:23]} 20. f4 {[%clk 1:17:30]} Nf7
{[%clk 0:52:31]} 21. f5 {[%clk 1:12:34]} Rxe4 {[%clk 0:43:54]} 22. Bxf6
{[%clk 1:12:51]} Bxf6 {[%clk 0:44:04]} 23. fxg6 {[%clk 1:01:51]} Re5
{[%clk 0:30:40]} 24. gxf7+ {[%clk 1:01:15]} Kf8 {[%clk 0:31:00]} 25. Qc2
{[%clk 0:37:57]} Kg7 {[%clk 0:23:46]} 26. Rf4 {[%clk 0:36:48]} Rc7
{[%clk 0:20:53]} 27. Rxf6 {[%clk 0:34:03]} Qxf6 {[%clk 0:17:53]} 28. Rf1
{[%clk 0:34:26]} 1-0